Anatomy and human movement / (رقم التسجيلة. 30201)
[ عرض عادي ]
| 000 -الفاتح | |
|---|---|
| حقل البيانات ثابتة الطول | 00721nam a22002297a 4500 |
| 003 - محدد رقم الضبط | |
| رقم الضبط | OSt |
| 005 - وقت وتاريخ اخر تعامل مع التسجيلة | |
| رقم الضبط | 20150408114135.0 |
| 008 - عناصر البيانات ثابتة الطول - معلومات عامة | |
| حقل البيانات ثابتة الطول | 130629s 2012xxu||||f |||| 00| 0 eng d |
| 020 ## - الرقم الدولى المعيارى للكتب | |
| الرقم الدولى المعيارى للكتاب | 9780702053085 |
| 040 ## - مصدر الفهرسة | |
| وكالة الفهرسة الأصلية | Mau |
| 082 ## - رقم تصنيف ديوى العشرى | |
| رقم التصنيف | 612.76 |
| رقم المادة | PNA |
| 100 ## - المدخل الرئيسى - إسم شخصى | |
| الإسم الشخصى | Palastanga, Nigel. |
| 9 (RLIN) | 36259 |
| 245 ## - بيان العنوان | |
| العنوان | Anatomy and human movement / |
| بيان المسئوليه,etc | Nigel Palastanga, Derek Field, Roger Soames, with a contribution, The Nervous System, by Nikolai Bogduk |
| 260 ## - PUBLICATION, DISTRIBUTION, ETC. (IMPRINT) | |
| مكان الناشر او الموزع | elsevier : . |
| اسم الناشر او الموزع | new york, |
| تاريخ النشر أو التوزيع | 2012 |
| 300 ## - الوصف المادى | |
| التعداد | viii,620p. : |
| تفاصيل ماديه اخرى للوعاء | ill. ; |
| أبعاد الوعاء | 28cm |
| 504 ## - تبصرة ببليوجرافية | |
| تبصرة ببليوجرافية,الخ | Includes index. |
| 650 ## - المدخل الاضافى بالموضوع-مصطلح موضوعى | |
| مصطلح موضوعي أو اسم جغرافي كعنصر مدخل | Human mechanics. |
| 9 (RLIN) | 10178 |
| 650 ## - المدخل الاضافى بالموضوع-مصطلح موضوعى | |
| مصطلح موضوعي أو اسم جغرافي كعنصر مدخل | Human anatomy. |
| 700 ## - المدخل الاضافى - اسم شخصى | |
| الإسم الشخصى | Field, Derek. |
| 9 (RLIN) | 10248 |
| 700 ## - المدخل الاضافى - اسم شخصى | |
| الإسم الشخصى | Soames, Roger. |
| 9 (RLIN) | 36260 |
| 942 ## - عناصر المدخل الإضافي( كوها) | |
| مصدر التصنيف او مخطط الترفيف | Dewey Decimal Classification |
| Koha [default] item type | كتاب |
| حالة الفقد | نموذج السعر الفعال | حالة تلف | ليس للاعارة | رقم الطلب | رقم النسخة | تاريخ الاكتساب | الموقع الحالي | الباركود | الفرع الرئيسي | Date last seen | نوع المادة فى نظام كوها | مصدر التصنيف او خطة الترفيف | Total Checkouts | Total Renewals | Date last checked out |
|---|---|---|---|---|---|---|---|---|---|---|---|---|---|---|---|
| 2013-06-29 | Not For Loan | 612.76 PNA | 1 | 2013-06-29 | المكتبة المركزية بالمجمعة (CL) | 00307298 | المكتبة المركزية بالمجمعة (CL) | 2013-06-29 | كتاب | Dewey Decimal Classification | |||||
| 2013-06-29 | 612.76 PNA | 2 | 2013-06-29 | المكتبة المركزية بالمجمعة (CL) | 00307299 | المكتبة المركزية بالمجمعة (CL) | 2025-09-01 | كتاب | Dewey Decimal Classification | 2 | 1 | 2025-02-19 | |||
| 2013-06-29 | 612.76 PNA | 3 | 2013-06-29 | المكتبة المركزية بالمجمعة (CL) | 00307300 | المكتبة المركزية بالمجمعة (CL) | 2016-12-19 | كتاب | Dewey Decimal Classification | 2 | 2016-10-24 |
